000 006650000a22002050004500
001 602
041 0 _aSPA
082 0 4 _aG 109 G1922h
100 1 _aGambra Ciudad, Rafael
245 1 0 _aHistoria sencilla de la filosofía / Rafael Ganbra Ciudad
250 _a3
260 _aMadrid, España : Rialp
300 _a297 Pag.
505 0 0 _a¿Qué es la filosofía? -- la filosofía en la antigüedad -- la filosofía cristiana antigua y medieval -- la filosofía moderna -- la filosofía actual
650 1 4 _aFILOSOFIA - HISTORIA
942 _cBK
999 _c32111
_d32111
336 _atexto
_btxt
_2rdacontent
337 _2rdamedia
_asin mediación
_bn
338 _2rdacarrier
_avolumen
_bnc